[Event "IECC CL8-2001.19"]
[Site "IECC email"]
[Date "2001.08.07"]
[Round "?"]
[White "Turko, Sergey Ivanovich"]
[Black "Maidana, Edgardo R"]
[Result "1-0"]
[WhiteElo "1421"]
[BlackElo "893"]
[PlyCount "65"]
[EventDate "2001.??.??"]
[EventType "tourn (corr)"]
[EventRounds "4"]
[SourceTitle "Corr 2008"]
[Source "ChessBase"]
[SourceDate "2008.06.24"]
[SourceVersion "1"]
[SourceVersionDate "2008.06.24"]
[SourceQuality "1"]

1. e4 Nf6 2. e5 Nd5 3. d4 g6 4. c4 Nf4 5. Bxf4 h5 6. Nc3 d6 7. Nf3 Bg7 8. Bd3 Be6 9. 0-0 Qd7 10. Qb3 Na6 11. Qxb7 Rc8 12. Qxa6 dxe5 13. Bxe5 Bf6 14. d5 Bg4 15. Bxf6 0-0 16. Ne5 Qd6 17. Qxd6 cxd6 18. Nxg4 exf6 19. Nxf6+ Kg7 20. Nce4 Rb8 21. Nd7 Rxb2 22. Nxf8 Kxf8 23. Nxd6 a5 24. c5 Rd2 25. c6 Rxd3 26. c7 Rxd5 27. c8Q+ Kg7 28. Nxf7 g5 29. Rae1 Kxf7 30. Qe8+ Kf6 31. Re6+ Kf5 32. Qf7+ Kg4 33. Re4# 1-0